Online Catalogue and eLibrary

Moonkil pookkal (Record no. 4300)

MARC details
000 -LEADER
fixed length control field 00378nam a2200157Ia 4500
005 - DATE AND TIME OF LATEST TRANSACTION
control field 20250508024508.0
008 - FIXED-LENGTH DATA ELEMENTS--GENERAL INFORMATION
fixed length control field 240331s9999 xx 000 0 und d
082 ## - DDC Classification
Item Number - Author Mark VAA
Class No. 894
100 ## - MAIN ENTRY--PERSONAL NAME
Personal name Vaasanthi,
245 #0 - TITLE STATEMENT
Title Moonkil pookkal
250 ## - EDITION STATEMENT
Edition statement 4th
260 ## - PUBLICATION, DISTRIBUTION, ETC.
Place of publication, distribution, etc. Chennai
Name of publisher, distributor, etc. Kanna apalanai Achagam
Date of publication, distribution, etc. 1994
300 ## - PHYSICAL DESCRIPTION
Extent (e.g. Volumes, Pages etc.) 120 p .,
500 ## - GENERAL NOTE
General note ithu oru kattpanai kadhai
942 ## - Koha item type (Biblio)
Koha item type Books in Stacks (Lending)
Holdings
Lost status Damaged status Collection code Home library Current library Shelving location Date acquired Full call number Accession Number Item type
    Lending WERC Library WERC Library Social Science Cupboard 03/31/2024 894.811 VAA 3598 Books in Stacks (Lending)

© WERC Library